Assessment of the effect of coragen pesticide on the pregnant albino rats and their fetuses / (رقم التسجيلة. 179364)

تفاصيل مارك
000 -LEADER
fixed length control field 06952namaa22004451i 4500
003 - CONTROL NUMBER IDENTIFIER
control field EG-GICUC
005 - أخر تعامل مع التسجيلة
control field 20260423102928.0
008 - FIXED-LENGTH DATA ELEMENTS--GENERAL INFORMATION
fixed length control field 260410s2025 ua a|||frm||| 000 0 eng d
040 ## - CATALOGING SOURCE
Original cataloguing agency EG-GICUC
Language of cataloging eng
Transcribing agency EG-GICUC
Modifying agency EG-GICUC
Description conventions rda
041 0# - LANGUAGE CODE
Language code of text/sound track or separate title eng
Language code of summary or abstract eng
-- ara
049 ## - Acquisition Source
Acquisition Source Deposit
082 04 - DEWEY DECIMAL CLASSIFICATION NUMBER
Classification number 596
092 ## - LOCALLY ASSIGNED DEWEY CALL NUMBER (OCLC)
Classification number 596
Edition number 21
097 ## - Degree
Degree M.Sc
099 ## - LOCAL FREE-TEXT CALL NUMBER (OCLC)
Local Call Number Cai01.12.21.M.Sc.2024.Ma.A
100 0# - MAIN ENTRY--PERSONAL NAME
Authority record control number or standard number Marwa Mohammed Abd-elaal,
Preparation preparation.
245 10 - TITLE STATEMENT
Title Assessment of the effect of coragen pesticide on the pregnant albino rats and their fetuses /
Statement of responsibility, etc. by Marwa Mohammed Abd-elaal ; Supervisors Prof. Dr. Ahmed Emam Dakrory, Prof. Dr. Amel Ramadan Omar, Dr. Heba Bassiony.
246 15 - VARYING FORM OF TITLE
Title proper/short title تقييم تأثير مبيد الكوراجين على الجرذان الحوامل وأجنتها
264 #0 - PRODUCTION, PUBLICATION, DISTRIBUTION, MANUFACTURE, AND COPYRIGHT NOTICE
Date of production, publication, distribution, manufacture, or copyright notice 2025.
300 ## - PHYSICAL DESCRIPTION
Extent 78 pages :
Other physical details illustrations ;
Dimensions 25 cm. +
Accompanying material CD.
336 ## - CONTENT TYPE
Content type term text
Source rda content
337 ## - MEDIA TYPE
Media type term Unmediated
Source rdamedia
338 ## - CARRIER TYPE
Carrier type term volume
Source rdacarrier
502 ## - DISSERTATION NOTE
Dissertation note Thesis (M.Sc)-Cairo University, 2025.
504 ## - BIBLIOGRAPHY, ETC. NOTE
Bibliography, etc. note Bibliography: pages 59-78.
520 #3 - SUMMARY, ETC.
Summary, etc. Coragen 20 SC is a new insecticide contains the active ingredient <br/>chlorantraniliprole, has been approved for use against insects in many crops due <br/>to the presence of insect ryanodine receptors. Coragen is being used to fight <br/>various types of flies and their larvae. The present study aims to evaluate the <br/>intrauterine exposure to coragen in pregnant rats and their fetuses from 6th to <br/>20th day of gestation. Forty-five albino rats (Rattus norvegicus); 15 males and 30 <br/>virgin females, weighing 170 ± 20 g were provided from the animal house of the <br/>National Research Center, Egypt. The pregnant dams were orally administrated <br/>saline (control), 100 mg/kg (low dose) or 200 mg/kg (high dose) of coragen. <br/>Pregnant rats were checked daily to determine any signs of toxicity or <br/>behavioral change. The weights of the pregnant rats were weekly recorded. The <br/>mothers of two treated groups showed teratogenic anomalies such as <br/>asymmetrical distribution of fetuses in the two uterine horns, as well as, <br/>observed resorption, bleeding in the uteri while, their fetuses had growth <br/>retardation, morphological malformations and some skeletal perversions in <br/>addition to some dead fetuses were recorded. Fetal and maternal specimens of <br/>liver and kidney of the control and treated groups were firstly fixed in 10% <br/>buffered formalin solution for 24 hrs., then, dehydrated using ascending series <br/>of ethyl alcohol. Specimens were cleared in xylol and embedded in paraffin <br/>wax. The samples were sectioned at 5 μm and stained with H&E for routine <br/><br/><br/> <br/><br/> <br/><br/>examination and photomicrography by the light microscope. Furthermore, <br/>multiple histopathological changes occurred, and a significant DNA damage <br/>was induced by coragen in maternal and fetal liver and kidney tissues compared <br/>to the control. Gestational coragen treatment resulted in teratogenic and <br/>genotoxic effect on pregnant rats and their fetuses. The obtained results in the <br/>present study imply that women and their fetuses may have the same risk.
520 #3 - SUMMARY, ETC.
Summary, etc. الكوراجين 20 إس سي هو مبيد حشري جديد يحتوي على المادة الفعالة كلورانترانيليبرول، وقد تمت الموافقة على استخدامه ضد الحشرات في العديد من المحاصيل بسبب وجود مستقبلات الريانودين الحشرية. يستخدم الكوراجين لمحاربة أنواع مختلفة من الذباب ويرقاته. تهدف الدراسة الحالية إلى تقييم التعرض داخل الرحم للكوراجين في الجرذان الحوامل وأجنتها من اليوم السادس إلى اليوم العشرين من الحمل. خمسة وأربعون من الفئران البيضاء (Rattus norvegicus)؛ تم توفير 15 ذكراً و30 أنثى ، بوزن 170 ± 20 جم من بيت الحيوان التابع للمركز القومي للبحوث بمصر. كانت الفئران الحوامل تجرع عن طريق الفم بمحلول ملحي (تحكم)، 100 ملغم/كغم (جرعة منخفضة) أو 200 ملغم/كغم (جرعة عالية) من الكوراجين. تم فحص الفئران الحوامل يوميًا لتحديد أي علامات سمية أو تغير سلوكي. تم تسجيل أوزان الجرذان الحوامل اسبوعيا. أظهرت أمهات المجموعتين المعالجتين تشوهات مثل التوزيع غير المتماثل للأجنة في قرني الرحم، وكذلك ملاحظة اختفاء بعض الاجنه ونزيف في الرحم بينما كانت الأجنة تعاني من تأخر النمو والتشوهات للشكل الخارجى وبعض التغيرات الهيكلية بالإضافة إلى تسجيل بعض الأجنة الميتة. تم أولاً تثبيت عينات الكبد والكلى الجنينية والأمية للمجموعات التحكم والمعالجة في محلول الفورمالين المنظم بنسبة 10% لمدة 24 ساعة. ثم يتم تجفيفه باستخدام سلسلة تصاعدية من الكحول الإيثيلي. تم مسح العينات في الزيلول ودمجها في شمع البارافين. تم تقسيم العينات عند 5 ميكرومتر وتصبغ بـصبغة H&E للفحص الروتيني والتصوير المجهري الضوئي بواسطة المجهر الضوئي. علاوة على ذلك، حدثت تغيرات نسجية مرضية متعددة وحدث تلف كبير في الحمض النووي بواسطة الكوراجين في أنسجة الكبد والكلى للام والاجنه مقارنة بالتحكم. أدى علاج الكوراجين للفئران الحوامل إلى تشوهات الاجنه وتغيرات جينيه على الجرذان الحوامل وأجنتها. تشير النتائج التي تم الحصول عليها في هذه الدراسة إلى أن الامهات وأجنتهن قد يتعرضن لنفس المخاطر.
530 ## - ADDITIONAL PHYSICAL FORM AVAILABLE NOTE
Issues CD Issues also as CD.
546 ## - LANGUAGE NOTE
Text Language Text in English and abstract in Arabic & English.
650 #0 - SUBJECT ADDED ENTRY--TOPICAL TERM
Topical term or geographic name entry element Comparative Anatomy and Embryology
650 #0 - SUBJECT ADDED ENTRY--TOPICAL TERM
Topical term or geographic name entry element تشريح مقارن وأجنة
653 #1 - INDEX TERM--UNCONTROLLED
Uncontrolled term Coragen
-- DNA damage
-- Histopathology
-- Malformation
-- Pregnant rats
-- Teratogenicity
-- كوراجين
-- تلف الحمض النووي
700 0# - ADDED ENTRY--PERSONAL NAME
Personal name Ahmed Emam Dakrory
Relator term thesis advisor.
700 0# - ADDED ENTRY--PERSONAL NAME
Personal name Amel Ramadan Omar
Relator term thesis advisor.
700 0# - ADDED ENTRY--PERSONAL NAME
Personal name Heba Bassiony
Relator term thesis advisor.
900 ## - Thesis Information
Grant date 01-01-2025
Supervisory body Ahmed Emam Dakrory
-- Amel Ramadan Omar
-- Heba Bassiony
Universities Cairo University
Faculties Faculty of Science
Department Department of Zoology
905 ## - Cataloger and Reviser Names
Cataloger Name Shimaa
Reviser Names Eman Ghareb
942 ## - ADDED ENTRY ELEMENTS (KOHA)
Source of classification or shelving scheme Dewey Decimal Classification
Koha item type Thesis
Edition 21
Suppress in OPAC No
المقتنيات
Source of classification or shelving scheme Home library Current library Date acquired Inventory number Full call number Barcode Date last seen Effective from Koha item type
Dewey Decimal Classification المكتبة المركزبة الجديدة - جامعة القاهرة قاعة الرسائل الجامعية - الدور الاول 10.04.2026 93722 Cai01.12.21.M.Sc.2024.Ma.A 01010110093722000 10.04.2026 10.04.2026 Thesis
Cairo University Libraries Portal Implemented & Customized by: Eng. M. Mohamady Contacts: new-lib@cl.cu.edu.eg | cnul@cl.cu.edu.eg
CUCL logo CNUL logo
© All rights reserved — Cairo University Libraries
CUCL logo
Implemented & Customized by: Eng. M. Mohamady Contact: new-lib@cl.cu.edu.eg © All rights reserved — New Central Library
CNUL logo
Implemented & Customized by: Eng. M. Mohamady Contact: cnul@cl.cu.edu.eg © All rights reserved — Cairo National University Library